MARC details
| 000 -LEADER |
| fixed length control field |
02703cam a22005538i 4500 |
| 001 - CONTROL NUMBER |
| control field |
on1152650126 |
| 003 - CONTROL NUMBER IDENTIFIER |
| control field |
OCoLC |
| 005 - DATE AND TIME OF LATEST TRANSACTION |
| control field |
20220810170300.0 |
| 008 - FIXED-LENGTH DATA ELEMENTS--GENERAL INFORMATION |
| fixed length control field |
200930t20212021nyu j 000 1 eng |
| 010 ## - LIBRARY OF CONGRESS CONTROL NUMBER |
| LC control number |
2020043874 |
| 015 ## - NATIONAL BIBLIOGRAPHY NUMBER |
| National bibliography number |
GBC189702 |
| Source |
bnb |
| 016 7# - NATIONAL BIBLIOGRAPHIC AGENCY CONTROL NUMBER |
| Record control number |
020217185 |
| Source |
Uk |
| 020 ## - INTERNATIONAL STANDARD BOOK NUMBER |
| International Standard Book Number |
9781338671568 |
| Qualifying information |
(hardcover) |
| 020 ## - INTERNATIONAL STANDARD BOOK NUMBER |
| International Standard Book Number |
1338671561 |
| Qualifying information |
(hardcover) |
| 020 ## - INTERNATIONAL STANDARD BOOK NUMBER |
| International Standard Book Number |
9780702310904 |
| Qualifying information |
(paperback) |
| 020 ## - INTERNATIONAL STANDARD BOOK NUMBER |
| International Standard Book Number |
0702310905 |
| Qualifying information |
(paperback) |
| 035 ## - SYSTEM CONTROL NUMBER |
| System control number |
(OCoLC)1152650126 |
| Canceled/invalid control number |
(OCoLC)1262012031 |
| 040 ## - CATALOGING SOURCE |
| Original cataloging agency |
NJQ/DLC |
| Language of cataloging |
eng |
| Description conventions |
rda |
| Transcribing agency |
DLC |
| Modifying agency |
OCLCF |
| -- |
OCLCO |
| -- |
TOH |
| -- |
UKMGB |
| -- |
OCLCO |
| -- |
OCL |
| -- |
OI6 |
| -- |
OCLCO |
| -- |
IUK |
| -- |
JBL |
| -- |
HBP |
| -- |
UOK |
| 042 ## - AUTHENTICATION CODE |
| Authentication code |
lcac |
| -- |
pcc |
| 049 ## - LOCAL HOLDINGS (OCLC) |
| Holding library |
UOKA |
| 050 00 - LIBRARY OF CONGRESS CALL NUMBER |
| Classification number |
PZ7.1.F593 |
| Item number |
Ju 2021 |
| 082 04 - DEWEY DECIMAL CLASSIFICATION NUMBER |
| Classification number |
813.6 |
| -- |
Fic |
| Edition number |
23 |
| 092 ## - LOCALLY ASSIGNED DEWEY CALL NUMBER (OCLC) |
| Classification number |
junior fiction |
| Item number |
Florence |
| 100 1# - MAIN ENTRY--PERSONAL NAME |
| Personal name |
Florence, Debbi Michiko |
| Relator term |
author. |
| 9 (RLIN) |
5950488 |
| 245 10 - TITLE STATEMENT |
| Title |
Just be cool, Jenna Sakai / |
| Statement of responsibility, etc |
by Debbi Michiko Florence. |
| 250 ## - EDITION STATEMENT |
| Edition statement |
First edition. |
| 263 ## - PROJECTED PUBLICATION DATE |
| Projected publication date |
2108 |
| 264 #1 - Production, Publication, Distribution, Manufacture, and Copyright Notice. |
| Place of production, publication, distribution, manufacture |
New York : |
| Name of producer, publisher, distributor, manufacturer |
Scholastic Inc., |
| Date of production, publication, distribution, manufacture, or copyr |
2021. |
| 264 #4 - Production, Publication, Distribution, Manufacture, and Copyright Notice. |
| Date of production, publication, distribution, manufacture, or copyr |
�2021 |
| 300 ## - PHYSICAL DESCRIPTION |
| Extent |
291 pages ; |
| Dimensions |
20 cm |
| 336 ## - Content Type |
| Content type term |
text |
| 337 ## - Media type |
| Media type term |
unmediated |
| 338 ## - Carrier type |
| Carrier type term |
volume |
| 520 ## - SUMMARY, ETC. |
| Summary, etc |
When boyfriend Elliott breaks up with Jenna Sakai before Christmas break, she just about convinces herself that relationships are for suckers and she is better off without them; but unfortunately she finds herself in competition with Elliott for a journalism scholarship, and worse her first assignment for the newspaper club is to write a personal essay, which is difficult when you are someone who prefers to keep your emotions bottled up--and than there is Rin Watanabe, a boy as stubborn as Jenna herself, and a mystery that Jenna cannot help but investigate. |
| 521 ## - TARGET AUDIENCE NOTE |
| Target audience note |
Ages 8-12. |
| Source |
Scholastic Inc. |
| 521 ## - TARGET AUDIENCE NOTE |
| Target audience note |
Grades 4-6. |
| Source |
Scholastic Inc. |
| 521 8# - TARGET AUDIENCE NOTE |
| Target audience note |
580L |
| Source |
Lexile |
| 521 3# - TARGET AUDIENCE NOTE |
| Target audience note |
Decoding demand: 96 (very high) |
| -- |
Semantic demand: 100 (very high) |
| -- |
Syntactic demand: 85 (very high) |
| -- |
Structure demand: 88 (very high) |
| Source |
Lexile |
| 650 #0 - SUBJECT ADDED ENTRY--TOPICAL TERM |
| Topical term or geographic name as entry element |
Japanese Americans |
| Form subdivision |
Juvenile fiction. |
| 9 (RLIN) |
5705128 |
| 650 #0 - SUBJECT ADDED ENTRY--TOPICAL TERM |
| Topical term or geographic name as entry element |
Dating (Social customs) |
| Form subdivision |
Juvenile fiction |
| 9 (RLIN) |
5675714 |
| 650 #0 - SUBJECT ADDED ENTRY--TOPICAL TERM |
| Topical term or geographic name as entry element |
Interpersonal relations |
| Form subdivision |
Juvenile fiction |
| 9 (RLIN) |
5675981 |
| 650 #0 - SUBJECT ADDED ENTRY--TOPICAL TERM |
| Topical term or geographic name as entry element |
Self-perception |
| Form subdivision |
Juvenile fiction |
| 9 (RLIN) |
5689999 |
| 650 #0 - SUBJECT ADDED ENTRY--TOPICAL TERM |
| Topical term or geographic name as entry element |
Best friends |
| Form subdivision |
Juvenile fiction |
| 9 (RLIN) |
5673646 |
| 650 #0 - SUBJECT ADDED ENTRY--TOPICAL TERM |
| Topical term or geographic name as entry element |
Student newspapers and periodicals |
| Form subdivision |
Juvenile fiction. |
| 9 (RLIN) |
5742606 |
| 650 #0 - SUBJECT ADDED ENTRY--TOPICAL TERM |
| Topical term or geographic name as entry element |
Middle schools |
| Form subdivision |
Juvenile fiction |
| 9 (RLIN) |
5675274 |
| 655 #7 - INDEX TERM--GENRE/FORM |
| Genre/form data or focus term |
Romance fiction |
| Source of term |
lcgft |
| 776 08 - ADDITIONAL PHYSICAL FORM ENTRY |
| Display text |
Online version: |
| Main entry heading |
Florence, Debbi Michiko. |
| Title |
Just be cool, Jenna Sakai |
| Edition |
First edition. |
| Place, publisher, and date of publication |
New York : Scholastic Inc., 2021 |
| International Standard Book Number |
9781338671582 |
| Record control number |
(DLC) 2020043875 |
| 942 ## - ADDED ENTRY ELEMENTS (KOHA) |
| Source of classification or shelving scheme |
Dewey Decimal Classification |
| Koha item type |
BOOK |